000 01117nam a2200289 i 4500
001 12868
003 KOSZ 005
005 20211109103059.0
008 071029s1968 pl f 000 0 fre
015 _aPB 1968/10855
040 _aWA N
_cKOSZ 005/RW
_dKOSZ 005/RW
080 _a530.1:536
100 1 _aIngarden, Roman Stanisław
_d(1920-2011)
_eAutor
245 1 0 _aNotion de température et pompage optique /
_cRoman S. Ingarden.
260 _aWarszawa :
_bPaństwowe Wydawnictwo Naukowe,
_c1968.
300 _a18, [2] s. ;
_c24 cm.
380 _aKsiążki.
490 1 _aConférences / Académie Polonaise des Sciences. Centre Scientifique à Paris ;
_vfasc. 71.
504 _aBibliogr. s. 18.
650 4 _aMechanika kwantowa
650 4 _aTemperatura
650 4 _aTermodynamika
710 2 _aPaństwowe Wydawnictwo Naukowe
_4pbl.
830 0 _aConférences - Académie Polonaise des Sciences. Centre Scientifique à Paris,
_vfasc. 71.
856 _uhttp://koha.tu.koszalin.pl/cgi-bin/koha/opac-detail.pl?biblionumber=12868
_yKatalog online BPK
942 _2UKD
_cKS
999 _c12868
_d12868